000 01195cam a2200361 i 4500
999 _c200447539
_d65751
001 200447539
003 TR-AnTOB
005 20230530001118.0
007 ta
008 051013s2003 tu ad 000 0 tur
020 _a9755128166
035 _a(TR-AnTOB)200447539
040 _aSULEY
_beng
_erda
_cSULEY
_dTR-AnTOB
041 0 _atur
050 4 _aHD9330.M32
_bT87 2004
090 _aHD9330.M32
_bT87 2004
245 0 _aTürkiye ve Rusya makarna sektörü /
_chazırlayanlar Tezer Palacıoğlu, Taluy Emil.
264 1 _aİstanbul :
_bİstanbul Ticaret Odası,
_c2004.
300 _a108 pages :
_billustrations, graphics ;
_c24 cm
336 _atext
_btxt
_2rdacontent
337 _aunmediated
_bn
_2rdamedia
338 _avolume
_bnc
_2rdacarrier
490 0 _aİstanbul Ticaret Odası ;
_vyayın no. 2003-60.
504 _aBIB
650 7 _aMakarna endüstrisi
_zTürkiye
_2etuturkob
_9135607
650 7 _aMakarna endüstrisi
_zRusya
_2etuturkob
_9135608
700 1 _aPalacıoğlu, Tezer
_eeditor
_926549
700 1 _aEmil, Taluy
_eeditor
_9135395
710 2 _aİstanbul Ticaret Odası
_919571
942 _2lcc
_cBK